<?xml version="1.0" encoding="UTF-8"?><?xml-stylesheet type="text/xsl" href="static/style.xsl"?><OAI-PMH xmlns="http://www.openarchives.org/OAI/2.0/" xmlns:xsi="http://www.w3.org/2001/XMLSchema-instance" xsi:schemaLocation="http://www.openarchives.org/OAI/2.0/ http://www.openarchives.org/OAI/2.0/OAI-PMH.xsd"><responseDate>2026-04-17T06:29:42Z</responseDate><request verb="GetRecord" identifier="oai:gredos.usal.es:10366/164027" metadataPrefix="marc">https://gredos.usal.es/oai/request</request><GetRecord><record><header><identifier>oai:gredos.usal.es:10366/164027</identifier><datestamp>2025-06-05T12:40:28Z</datestamp><setSpec>com_10366_4459</setSpec><setSpec>com_10366_4395</setSpec><setSpec>com_10366_3946</setSpec><setSpec>com_10366_3823</setSpec><setSpec>col_10366_4460</setSpec></header><metadata><record xmlns="http://www.loc.gov/MARC21/slim" xmlns:doc="http://www.lyncode.com/xoai" xmlns:xsi="http://www.w3.org/2001/XMLSchema-instance" xmlns:dcterms="http://purl.org/dc/terms/" xsi:schemaLocation="http://www.loc.gov/MARC21/slim http://www.loc.gov/standards/marcxml/schema/MARC21slim.xsd">
<leader>00925njm 22002777a 4500</leader>
<datafield tag="042" ind1=" " ind2=" ">
<subfield code="a">dc</subfield>
</datafield>
<datafield tag="720" ind1=" " ind2=" ">
<subfield code="a">Luis Martín, Francisco de</subfield>
<subfield code="e">author</subfield>
</datafield>
<datafield tag="260" ind1=" " ind2=" ">
<subfield code="c">2021</subfield>
</datafield>
<datafield tag="520" ind1=" " ind2=" ">
<subfield code="a">[ES]Las reformas en el ámbito de la enseñanza superior promovidas en la etapa final de la Restauración, a lo largo de la dictadura de Primo de Rivera y durante la Segunda República, generaron un debate en el interior de las universidades que, en buena medida, continuaba el que había surgido con motivo de la crisis finisecular. A través de un estudio exhaustivo y comparado de los discursos de inauguración de curso pronunciados por diferentes catedráticos en la Universidad de Salamanca, este trabajo pretende analizar las ideas, las propuestas y los argumentos que esos catedráticos formularon. El debate entre autonomistas y centralistas, la cuestión de la selección del profesorado, las críticas al sistema de enseñanza o la actitud que debía adoptarse ante los estudiantes son algunas de las cuestiones que se abordan aquí. El trabajo incide también en la actualidad de un buen número de las reformas expuestas en los discursos.</subfield>
</datafield>
<datafield tag="024" ind2=" " ind1="8">
<subfield code="a">Luis Martín, Francisco de (2021). La reforma de la enseñanza superior a través de los discursos de apertura en la Universidad de Salamanca (1923-1936). CIAN-Revista de Historia de las Universidades, vol. (2), pp. 113-140</subfield>
</datafield>
<datafield tag="024" ind2=" " ind1="8">
<subfield code="a">1139-6628</subfield>
</datafield>
<datafield tag="024" ind2=" " ind1="8">
<subfield code="a">http://hdl.handle.net/10366/164027</subfield>
</datafield>
<datafield tag="024" ind2=" " ind1="8">
<subfield code="a">1988-8503</subfield>
</datafield>
<datafield ind1=" " ind2=" " tag="653">
<subfield code="a">Universidad de Salamanca (España)</subfield>
</datafield>
<datafield ind1=" " ind2=" " tag="653">
<subfield code="a">Enseñanza superior</subfield>
</datafield>
<datafield ind1=" " ind2=" " tag="653">
<subfield code="a">Discursos de apertura de curso</subfield>
</datafield>
<datafield ind1=" " ind2=" " tag="653">
<subfield code="a">Regeneracionismo</subfield>
</datafield>
<datafield ind1=" " ind2=" " tag="653">
<subfield code="a">Autonomía universitaria</subfield>
</datafield>
<datafield ind1=" " ind2=" " tag="653">
<subfield code="a">Siglo XX</subfield>
</datafield>
<datafield tag="245" ind1="0" ind2="0">
<subfield code="a">La reforma de la enseñanza superior a través de los discursos de apertura en la Universidad de Salamanca (1923-1936)</subfield>
</datafield>
</record></metadata></record></GetRecord></OAI-PMH>